| 000 | 00468nam a2200169Ia 4500 | ||
|---|---|---|---|
| 008 | 131103s9999 xx 000 0 und d | ||
| 040 | _aLoreto College | ||
| 041 | _aEnglish | ||
| 082 |
_aREF _bLCBED/7491 |
||
| 245 |
_aBhargava's concise dictionary of the hindi language _cedited by R.C.Pathak |
||
| 260 |
_aVaranasi _bBhargava book depot _c1977 |
||
| 300 |
_a1040p _c 10cm. |
||
| 650 | _aREF | ||
| 700 | _aPathak, R.C. ;ed. | ||
| 850 | _aLCBED/REF | ||
| 942 | _cBK | ||
| 999 |
_c34552 _d85031 |
||